| 000 | 00802nam a2200217 a 4500 | ||
|---|---|---|---|
| 001 | 000006124 | ||
| 005 | 20200929151935.0 | ||
| 008 | 090826s2006 dr 000 0 spa d | ||
| 040 |
_aDO-SdBNP _bspa _cBNPHU |
||
| 082 |
_a306.89 _bP438d |
||
| 100 | 1 |
_aPérez de Santana, María Victoria _917236 |
|
| 245 | 1 | 0 |
_aDespués del divorcio : _b¿qué hacer con los hijos? / _cMaría Victoria Pérez de Santana, María Estela Antoine Peña. |
| 260 |
_aSanto Domingo : _bAmigo del Hogar, _c2006. |
||
| 300 |
_a75 p. ; _c22 cm. |
||
| 500 | _aIncluye datos biográficos de las autoras en las solapas. | ||
| 504 | _aIncluye bibliografías (p. 75) | ||
| 650 | 4 |
_aDivorcio _xAspectos morales _917237 |
|
| 650 | 4 |
_aDivorcio _xAspectos sociales _912971 |
|
| 700 | 1 |
_aAntoine Peña, María Estela _917238 |
|
| 049 | _aBNPD | ||
| 999 |
_c5920 _d5920 |
||